| 000 | 00000nam##2200000za#4500 |
| 001 | 9.688718 |
| 003 | CaOODSP |
| 005 | 20210927150437 |
| 007 | cr ||||||||||| |
| 008 | 150407|2001||||xxc|||||o f|0| 0 eng|d |
| 040 | |aCaOODSP|beng |
| 043 | |an-cn--- |
| 086 | 1 |aR2-162/1996E-PDF |
| 110 | 1 |aCanada. |bIndian and Northern Affairs Canada. |
| 245 | 10|aAboriginal women : |h[electronic resource]|ba profile from the 1996 census |
| 250 | |a2nd edition |
| 260 | |aOttawa - Ontario : |bIndian and Northern Affairs |c2001. |
| 300 | |a45p.|bcoloured figs., graphs, tables |
| 500 | |aThe catalogue number and ISBN for the bilingual print edition have been incorrectly copied in this electronic publication. |
| 590 | |a06-10-Supp|b2006-12-15 |
| 690 | 07|aIndigenous peoples|2gcpds |
| 690 | 07|aCensus data|2gcpds |
| 690 | 07|aDemographic data|2gcpds |
| 690 | 07|aStatus of women|2gcpds |
| 775 | 08|tLes femmes autochtones : |w(CaOODSP)9.633134 |
| 776 | 0#|tAboriginal women: a profile from the 1996 census |w(CaOODSP)9.662961 |
| 776 | 0#|tLes femmes autochtones: un portrait d'après le recensement de 1996 |w(CaOODSP)9.662962 |
| 856 | 40|ahttp://publications.gc.ca|qPDF|s179 KB|uhttps://publications.gc.ca/collections/Collection/R2-162-1996E.pdf |